000 00835nam a2200265Ia 4500
003 OSt
005 20220918170513.0
006 a|||||r|||| 00| 0
007 ta
008 220917b |||||||| |||| 00| 0 eng d
020 _a9780262019675 (hbk)
_c2425.19
024 _a280,860
037 _bCBS/315, 26/03/2014, Classic Book Service
_cTextual
040 _aARTS
_cARTS
_beng
041 _2eng
_aeng
082 _aP:2, Q3
100 _aMatushansky Ora Ed.
_929380
245 0 _aDistributed morphology today
_b Morphemes for Morris Halle
260 _aLondon
_bMIT Press UK
_c2013
300 _axvi, 262p.
_ccm.
650 _aLINGUISTICS
700 _a Marantz Alec Ed.
942 _hP:2, Q3
_cTEXL
_2CC
999 _c134394
_d134394